000 00721 a2200169 4500
020 _a1561343862
020 _a9781561343867
090 _c2822
_d2822
100 1 _aEaston, Thomas A.
245 1 0 _aTaking sides. clashing views on controversial issues in science, technology, and society / edited, selected, and with introductions by thomas A. easton /
_cThomas A Easton.
260 _a[S.l.] :
_bGuilford Conn. : Dushkin Pub. Group,
_c1995.
300 _a1 v. (unpaged)
500 _aHardcover.
856 4 0 _3Amazon.com
_uhttp://www.amazon.com/exec/obidos/ASIN/B0026RJONO/chopaconline-20
856 4 0 _3Amazon customer reviews
_uhttp://www.chopac.org/cgi-bin/tools/azrev.pl?q=B0026RJONO
942 _aNBS
_cBK
_k303.483 EAS
999 _c345312
_d345312